Statistics for All 1M Cities on World Map with appearing dots letter hints

Click here to take the quiz!

General Stats

  • This quiz has been taken 170 times
  • The average score is 288 of 569

Answer Stats

City % Correct
{Pa}r{is}
96%
{T}o{kyo}
96%
{Lo}n{don}
96%
{R}o{me}
94%
{Lo}s{ Angeles}
94%
{New }Y{ork City}
94%
{Ma}d{rid}
93%
{Mo}s{cow}
93%
{}C{airo}
92%
{Be}r{lin}
90%
{Mexic}o{ City}
90%
{To}r{onto}
90%
{Li}s{bon}
90%
{Wa}s{hington, D.C.}
90%
{S}y{dney}
90%
{Ch}i{cago}
90%
{Ja}k{arta}
89%
{N}e{w Delhi}
89%
{Li}m{a}
87%
{Me}l{bourne}
87%
{Melbourne}
87%
{Man}c{hester}
87%
{B}e{ijing}
87%
{Ba}r{celona}
87%
{Va}n{couver}
87%
{Os}l{o}
87%
{S}h{anghai}
87%
{V}i{enna}
86%
{Ham}b{urg}
86%
{K}i{ev}
86%
{Saint }P{etersburg}
86%
{Sant}i{ago}
86%
{Is}t{anbul}
86%
{Se}o{ul}
86%
{Wa}r{saw}
86%
{S}t{ockholm}
86%
{An}k{ara}
86%
{A}t{hens}
86%
{Dal}l{as}
86%
{D}u{bai}
86%
{M}i{ami}
86%
{Mont}r{eal}
85%
{San }F{rancisco}
85%
{Ri}o{ de Janeiro}
85%
{}L{a Paz}
85%
{Am}s{terdam}
85%
{Dub}l{in}
85%
{Na}p{les}
85%
{São }P{aulo}
85%
{Man}i{la}
85%
{Ha}v{ana}
85%
{Bo}s{ton}
85%
{B}o{gotá}
83%
{T}u{nis}
83%
{Jo}h{annesburg}
83%
{Pa}n{ama City}
83%
{Gua}n{gzhou}
83%
{Ki}n{shasa}
83%
{Mu}n{ich}
83%
{Bang}k{ok}
83%
{Bu}e{nos Aires}
83%
{Port}o{}
83%
{Bu}d{apest}
83%
{Na}i{robi}
82%
{Mi}l{an}
82%
{La}g{os}
82%
{G}l{asgow}
82%
{Mu}m{bai}
82%
{Cape }T{own}
82%
{Ca}r{acas}
82%
{B}r{asília}
82%
{}B{aghdad}
82%
{Ho}n{g Kong}
82%
{Te}h{ran}
82%
{Ad}d{is Ababa}
82%
{Han}o{i}
80%
{S}i{ngapore}
80%
{Te}l{ Aviv-Jaffa}
80%
{T}r{ipoli}
80%
{Zu}r{ich}
80%
{Buc}h{arest}
80%
{}R{abat}
80%
{Abu}j{a}
80%
{A}c{cra}
80%
{Al}g{iers}
80%
{P}r{ague}
80%
{At}l{anta}
80%
{Qu}i{to}
80%
{A}u{ckland}
80%
{Da}k{ar}
80%
{K}u{ala Lumpur}
80%
{Br}u{ssels}
80%
{Ho}u{ston}
80%
{San}a{'a}
80%
{O}t{tawa}
79%
{O}s{aka}
79%
{Da}r{ es Salaam}
79%
{Den}v{er}
79%
{D}h{aka}
79%
{New }O{rleans}
79%
{Ri}y{adh}
79%
{P}h{iladelphia}
79%
{F}r{ankfurt}
79%
{Min}s{k}
79%
{San }J{osé}
79%
{H}o{ Chi Minh City}
79%
{Gua}t{emala City}
79%
{Co}p{enhagen}
79%
{S}o{fia}
79%
{L}y{on}
79%
{S}e{attle}
79%
{He}l{sinki}
79%
{Va}l{encia}
79%
{Valencia}
79%
{San }S{alvador}
77%
{Br}i{sbane}
77%
{Ale}x{andria}
77%
{Ph}o{enix}
77%
{L}u{anda}
77%
{D}o{ha}
77%
{La}s{ Vegas}
77%
{Per}t{h}
77%
{San }D{iego}
77%
{Ca}s{ablanca}
76%
{Mar}s{eille}
76%
{As}u{nción}
76%
{Bel}g{rade}
76%
{Co}l{ogne / Dusseldorf}
76%
{Au}s{tin}
76%
{Ba}m{ako}
76%
{Ab}u{ Dhabi}
76%
{De}t{roit}
75%
{Ka}r{achi}
75%
{A}m{man}
75%
{Li}v{erpool}
75%
{Ko}l{kata}
75%
{Sant}o{ Domingo}
75%
{}K{abul}
75%
{Ya}o{undé}
75%
{Ba}k{u}
75%
{Ad}e{laide}
75%
{As}t{ana}
75%
{Or}l{ando}
75%
{Da}m{ascus}
75%
{Ha}r{are}
75%
{Khar}t{oum}
75%
{M}o{gadishu}
73%
{Lu}s{aka}
73%
{Mana}u{s}
73%
{B}i{rmingham}
73%
{Port-}a{u-Prince}
73%
{Xi'}a{n}
73%
{Bra}z{zaville}
73%
{Se}v{ille}
73%
{Ka}t{hmandu}
73%
{Chen}n{ai}
73%
{Ja}c{ksonville}
72%
{L}e{eds}
72%
{T}b{ilisi}
72%
{Tu}r{in}
72%
{Bo}r{deaux}
72%
{Ban}g{alore}
72%
{Ka}m{pala}
72%
{P}y{ongyang}
72%
{Ma}n{agua}
72%
{Tai}p{ei}
72%
{T}e{gucigalpa}
72%
{Ma}p{uto}
72%
{Nash}v{ille}
72%
{Fr}e{etown}
72%
{}E{dmonton}
72%
{Ro}t{terdam}
72%
{Me}m{phis}
72%
{Monte}v{ideo}
72%
{E}l{ Paso}
72%
{Port}l{and}
72%
{Sa}i{nt Louis}
72%
{Ca}l{gary}
70%
{Bei}r{ut}
70%
{Ta}m{pa}
70%
{M}e{cca}
70%
{San J}u{an}
70%
{La}h{ore}
70%
{Ab}i{djan}
70%
{I}n{dianapolis}
70%
{Lil}o{ngwe}
70%
{Ki}g{ali}
70%
{Colo}m{bo}
70%
{Bu}f{falo}
69%
{Ta}s{hkent}
69%
{Anta}n{anarivo}
69%
{Mon}t{errey}
69%
{Ku}w{ait City}
69%
{Mana}m{a}
69%
{Mi}n{neapolis}
69%
{Mu}s{cat}
69%
{Sal}t{ Lake City}
68%
{Hyderabad}
68%
{H}y{derabad}
68%
{Kan}s{as City}
68%
{Pi}t{tsburgh}
68%
{Yan}g{on}
68%
{Ok}l{ahoma City}
68%
{Co}n{akry}
68%
{A}h{medabad}
68%
{Cha}r{lotte}
68%
{L}o{mé}
68%
{Mo}n{rovia}
68%
{C}i{ncinnati}
68%
{Ye}r{evan}
66%
{No}u{akchott}
66%
{N}'{Djamena}
66%
{Ph}n{om Penh}
66%
{Sa}n{ Antonio}
66%
{C}l{eveland}
66%
{Ti}j{uana}
66%
{I}z{mir}
66%
{Tou}l{ouse}
66%
{Sal}v{ador}
66%
{N}i{amey}
65%
{Bang}u{i}
65%
{As}h{gabat}
65%
{Ü}r{ümqi}
65%
{Ant}w{erp}
65%
{Col}u{mbus}
65%
{Du}r{ban}
65%
{G}u{adalajara}
65%
{Che}n{gdu}
65%
{Mil}w{aukee}
65%
{}S{acramento}
65%
{}X{iamen}
65%
{A}l{eppo}
65%
{Ra}l{eigh}
63%
{}O{dessa}
63%
{Bel}o{ Horizonte}
63%
{}N{agoya}
63%
{Mar}r{akesh}
63%
{O}u{agadougou}
63%
{Sa}p{poro}
63%
{Hano}v{er}
63%
{Bi}s{hkek}
63%
{W}u{han}
62%
{F}e{z}
62%
{Mo}m{basa}
62%
{St}u{ttgart}
62%
{New}c{astle}
62%
{Har}b{in}
62%
{Chon}g{qing}
62%
{J}e{ddah}
62%
{Sh}e{ffield}
61%
{Li}l{le}
61%
{T}i{anjin}
61%
{Lo}u{isville}
61%
{C}e{bu}
61%
{Pu}n{e}
59%
{Bu}s{an}
59%
{Po}r{t Elizabeth}
59%
{Má}l{aga}
59%
{Ag}r{a}
59%
{Med}i{na}
59%
{Al}m{aty}
59%
{Med}e{llín}
59%
{F}o{rtaleza}
59%
{Kan}o{}
59%
{Porto} {Alegre}
59%
{Cal}i{}
59%
{R}e{cife}
59%
{Chi}t{tagong}
58%
{Ni}z{hny Novgorod}
58%
{Gua}y{aquil}
58%
{Nan}j{ing}
58%
{Y}e{katerinburg}
58%
{An}t{alya}
56%
{R}i{chmond}
56%
{Vi}r{ginia Beach}
56%
{No}v{osibirsk}
56%
{Ka}z{an}
55%
{Har}t{ford}
55%
{Do}n{etsk}
55%
{Ros}t{ov}
55%
{Band}u{ng}
55%
{Có}r{doba}
55%
{Fu}k{uoka}
55%
{O}r{an}
55%
{Val}p{araíso}
55%
{San}t{a Cruz}
55%
{Cu}r{itiba}
55%
{Car}t{agena}
55%
{T}h{e Ruhr}
54%
{Sou}t{hampton}
54%
{Ga}z{a}
54%
{Su}r{abaya}
54%
{D}e{npasar}
52%
{Bar}r{anquilla}
52%
{N}u{remberg}
52%
{Ja}i{pur}
52%
{Ba}s{ra}
52%
{H}i{roshima}
52%
{Kat}o{wice}
52%
{Man}d{alay}
51%
{She}n{yang}
51%
{Be}l{ém}
51%
{G}e{orge Town}
51%
{Lu}c{know}
51%
{Sura}t{}
51%
{U}l{aanbaatar}
51%
{K}h{arkiv}
49%
{Co}t{onou}
49%
{Port }H{arcourt}
49%
{Ma}r{acaibo}
49%
{V}o{lgograd}
49%
{Hon}o{lulu}
49%
{Mos}u{l}
49%
{}Q{ingdao}
48%
{}U{fa}
48%
{Do}u{ala}
48%
{P}u{ebla}
48%
{Man}n{heim}
48%
{N}o{ttingham}
48%
{Han}g{zhou}
48%
{Me}n{doza}
48%
{Mé}r{ida}
48%
{Chang}s{ha}
46%
{Ci}u{dad Juárez}
46%
{O}m{sk}
46%
{Ro}s{ario}
46%
{Dam}m{am}
46%
{Da}l{ian}
45%
{Ku}n{ming}
45%
{Sa}m{ara}
45%
{D}n{ipro}
44%
{Na}t{al}
44%
{Pe}r{m}
44%
{Ma}s{hhad}
44%
{Fu}z{hou}
44%
{Le}ó{n}
44%
{Me}d{an}
44%
{Shan}t{ou}
44%
{Lu}b{umbashi}
44%
{Ta}n{gier}
42%
{Sã}o{ Luís}
42%
{}D{aegu}
42%
{Me}x{icali}
42%
{I}s{fahan}
42%
{}I{badan}
42%
{Nan}n{ing}
42%
{Ca}m{pinas}
41%
{Da}v{ao}
41%
{H}e{fei}
41%
{G}r{eensboro}
41%
{Shi}r{az}
39%
{Nag}p{ur}
39%
{Zh}e{ngzhou}
39%
{Bh}o{pal}
39%
{To}l{uca}
39%
{Stock}t{on}
39%
{}F{aisalabad}
39%
{Ra}w{alpindi}
39%
{Kan}p{ur}
39%
{Har}r{isburg}
39%
{Ch}e{lyabinsk}
39%
{Pa}t{na}
38%
{Se}n{dai}
38%
{San }P{edro Sula}
38%
{Wu}x{i}
38%
{Sa}r{atov}
37%
{Bu}r{sa}
35%
{Q}o{m}
35%
{Que}t{ta}
35%
{Na}h{a}
35%
{K}r{asnoyarsk}
35%
{Ind}o{re}
35%
{We}n{zhou}
35%
{Vo}r{onezh}
34%
{Gaz}i{antep}
34%
{Ji}n{an}
34%
{G}o{iânia}
34%
{So}u{sse}
34%
{M}c{Allen}
34%
{Ben}i{n City}
34%
{}T{abriz}
32%
{}A{ba}
32%
{La}n{zhou}
32%
{Kuma}s{i}
31%
{Co}i{mbatore}
31%
{Jo}d{hpur}
31%
{Ma}k{assar}
31%
{A}d{ana}
31%
{Ci}x{i}
31%
{Va}r{anasi}
31%
{San }L{uis Potosí}
31%
{Maraca}y{}
30%
{Ki}r{kuk}
30%
{Sa}l{em}
30%
{Ka}o{hsiung}
30%
{A}g{adir}
30%
{Ni}n{gbo}
30%
{Pe}s{hawar}
30%
{P}o{inte-Noire}
30%
{B}u{caramanga}
28%
{Am}r{itsar}
28%
{Dae}j{eon}
28%
{S}r{inagar}
28%
{}P{alembang}
28%
{Santo}s{}
28%
{M}b{uji-Mayi}
28%
{Te}r{esina}
27%
{C}o{chabamba}
27%
{Tor}r{eón}
27%
{Ka}d{una}
27%
{Ji}l{in}
27%
{Sura}k{arta}
27%
{J}o{ão Pessoa}
27%
{Tai}y{uan}
27%
{O}k{ayama}
27%
{Ag}u{ascalientes}
25%
{Vi}s{hakhapatnam}
25%
{An}s{han}
25%
{Gui}y{ang}
25%
{Ma}c{eió}
25%
{Q}u{erétaro}
25%
{M}u{ltan}
25%
{Bao}t{ou}
25%
{Z}i{bo}
24%
{Ca}p{e Coral}
24%
{Se}m{arang}
24%
{B}h{ilai}
24%
{Ra}j{kot}
24%
{Bar}q{uisimeto}
24%
{Al}l{ahabad}
24%
{Vi}t{ória}
24%
{Ko}t{ā}
24%
{K}o{chi}
24%
{Ah}v{az}
23%
{Su}z{hou}
23%
{Au}r{angabad}
23%
{Y}o{gyakarta}
23%
{G}w{alior}
23%
{Sh}i{jiazhuang}
23%
{M}y{sore}
23%
{Huai}n{an}
23%
{Ko}n{ya}
23%
{Ben}x{i}
23%
{Mad}u{rai}
23%
{Ki}s{angani}
23%
{Ma}i{duguri}
23%
{San }M{iguel de Tucumán}
23%
{Ka}y{seri}
21%
{}V{adodara}
21%
{Nan}y{ang}
21%
{O}n{itsha}
21%
{Bh}u{baneswar}
21%
{Hu}i{zhou}
21%
{Wuh}u{}
21%
{A}n{geles}
21%
{Ul}s{an}
21%
{F}u{ji}
21%
{Da}q{ing}
21%
{X}u{zhou}
21%
{Zhu}z{hou}
20%
{Nan}t{ong}
20%
{Vi}j{ayawada}
20%
{Chang}z{hou}
20%
{Ba}t{am}
20%
{Qi}q{ihar}
20%
{Mala}n{g}
20%
{Ki}t{akyushu}
20%
{}J{abalpur}
20%
{Chang}w{on}
18%
{Ja}m{shedpur}
18%
{Chan}g{chun}
18%
{Na}n{chang}
18%
{Tai}z{hou}
18%
{Ho}h{hot}
18%
{Ku}m{amoto}
18%
{Gu}j{ranwala}
18%
{}H{aikou}
18%
{Pu}t{ian}
18%
{Yang}z{hou}
18%
{Changsh}u{}
17%
{C}u{ernavaca}
17%
{C}h{andigarh}
17%
{Xin}i{ng}
17%
{Lu}d{hiana}
17%
{Tai}c{hung}
17%
{Me}e{rut}
17%
{He}n{gyang}
17%
{Na}s{hik}
17%
{Lu}o{yang}
17%
{Gu}w{ahati}
17%
{Hu}b{li-Dharwad}
15%
{Chang}d{e}
15%
{Ba}n{dar Lampung}
15%
{Ha}m{amatsu}
15%
{P}e{kanbaru}
15%
{An}y{ang}
15%
{Li}n{yi}
15%
{So}l{apur}
15%
{Ra}n{chi}
15%
{Li}u{zhou}
15%
{Yi}c{hang}
15%
{Al}ī{garh}
15%
{Bar}e{illy}
15%
{Yi}n{chuan}
14%
{Ā}s{ansol}
14%
{Yi}w{u}
14%
{Bao}j{i}
14%
{Qing}y{uan}
14%
{Nanch}o{ng}
14%
{Tang}s{han}
14%
{Shi}z{uoka}
14%
{Da}t{ong}
14%
{Tiru}p{pur}
13%
{Gwa}n{gju}
13%
{}W{anzhou}
13%
{Ti}r{uchirappalli}
13%
{Ba}o{ding}
13%
{Xiang}y{ang}
13%
{Tai}n{an}
13%
{Se}r{ang}
13%
{Dha}n{bad}
13%
{I}l{orin}
13%
{Yan}t{ai}
13%
{Jin}g{zhou}
13%
{Mo}r{ādābād}
13%
{Fu}y{ang}
13%
{Chi}f{eng}
11%
{Xian}g{tan}
11%
{Ma}o{ming}
11%
{Xin}x{iang}
11%
{H}u{ai'an}
11%
{Gu}i{lin}
11%
{Qin}h{uangdao}
11%
{Ka}i{feng}
11%
{Xi}n{gtai}
10%
{}M{a'anshan}
10%
{Ta}i{'an}
10%
{Ha}n{dan}
10%
{Ch}o{nburi}
10%
{W}e{ifang}
10%
{Zhen}j{iang}
10%
{}Z{hangjiakou}
10%
{Jin}z{hou}
10%
{Jin}i{ng}
10%
{Jia}o{zuo}
10%
{J}i{angyin}
10%
{Ja}l{andhar}
10%
{Zh}u{hai}
10%
{Huai}b{ei}
10%
{Cali}c{ut}
10%
{Mia}n{yang}
10%
{Z}u{nyi}
8%
{Zhan}j{iang}
8%
{Kh}u{lna}
8%
{Ri}z{hao}
8%
{L}i{anyungang}
8%
{Be}n{gbu}
8%
{Ca}n{gnan}
8%
{S}u{qian}
8%
{}G{anzhou}
8%
{}Y{ancheng}
7%
{Ka}n{anga}
7%
{Sha}o{yang}
7%
{Wei}h{ai}
6%
{To}u{ba}
6%
{Te}n{gzhou}
6%
{Y}i{bin}
4%
{Yin}g{kou}
4%
{P}i{ngxiang}
4%

Score Distribution

Percentile by Number Answered

Percent of People with Each Score

Your Score History

You have not taken this quiz